000 00656nam a2200265Ia 4500
008 210210b2009 xxu||||| |||| 00| 0 eng d
020 _a9788125928560
041 _aeng
082 _a657.42 AROE
100 _aARORA (M N)
245 _aEssentials of cost accounting
260 _aNoida
_bVikas Publishing House Pvt Ltd.,
_c2009
300 _av,325
650 _aprocess costing
650 _aof
650 _amaterial cost
650 _alabour cost
650 _ajob and batch costing
650 _aEssentials
650 _acost
650 _acontract costing
650 _aaccounting
690 _aCost Accounting
906 _a065243
999 _c142439
_d142439